00573nam a2200193 a 4500001001300000003000900013005001700022008004100039020002300080082002200103100002400125245007600149260003700225300000900262500003500271505003100306650001800337700002400355nice12345678IN_TiNIC20260116013252.0050524s1987 dela grp 000 0 eng  a8170995 c15500a323.39710954bIMA aImam, Mohd Muzaffar aRole of Muslims in the National Movement (1912-1930)b a Study of Bihar aDelhibMittal Publication c1987 a306p aincludes index and biblioraphy2 aBibliographic Notes, Index aMuslims-India1 aImam, Mohd Muzaffar